Responses for Show #4118 - Wednesday, June 26, 2002

Eric Floyd game 5.

Contestants

[<< previous game]

John Overholt, a librarian from Austin, Texas

Ann Kruger, a college counselor originally from Linden, New Jersey

Eric Floyd, a college student from Calhoun, Georgia (whose 4-day cash winnings total $97,800)

[next game >>]

Jeopardy! Round responses

Smithsonian National Air and Space Museum
I'M NOT PRESIDENT BECAUSE OF YOU
DOUBLE TALK ROCK
CANALS
"SH"!
BE VEWY, VEWY QUIET
    $200 26
(Eric: What is the Pacific Ocean?)

the Atlantic

EricAnn
    $200 8
Jimmy Carter

Eric
    $200 17
Duran Duran

John
    $200 1
Panama Canal

Eric
    $200 6
[John gave his response in a deeper voice.]

The Shadow

John
    $200 16
(John selected the category with an imitation of [*].)
(Alex called on Eric, saying "Ewic.")

Elmer Fudd

Eric
    $400 27
(John: What is the Air and Space Museum?)

The National Air Museum

AnnJohn
    $400 9
George Herbert Walker Bush

Eric
    $400 18
"Hey Hey, My My"

Eric
    $400 2
Erie Canal

John
    $400 7
the sheriff

Eric
    $400 22
Navy

Eric
    $600 28
North Carolina

Ann
    $600 10
Ronald Reagan

Eric
    $600 19
[Smokey Robinson singing]

to a go-go

John
    $600 3
Suez Canal

John
    $600 13
Shotgun

John
    $600 23
Silent Movie

John
    $800 29
Armstrong & Aldrin

Eric
    $800 11
LBJ

Eric
    $800 20
"Sugar, Sugar"

Eric
    $800 4
(John: What is Corpus Christi?)
(Eric: What is Brownsville?)
(Ann: What is El Paso?)
[Alex did not say, "No harm, no foul."]

Houston

EricAnnJohn
Triple Stumper
    $800 14
sharecroppers

Ann
    $800 24
(Ann: What is boor?)

a fool

EricAnn
    $1000 30
Chuck Yeager

John
    $1000 12
[Applause for Eric's run of the category]

Abraham Lincoln

Eric
    $1000 21
"La La Land"

John
    $1,000 5
Niagara River

John
    $1000 15
sharpshooter

John
    $1000 25
Marconi

John

Scores at the first commercial break (after clue 15):

Eric Ann John
$2,800 $0 $3,000

Scores at the end of the Jeopardy! Round:

Eric Ann John
$6,000 $400 $7,000

Double Jeopardy! Round responses

HISTORIANS
HE'S THE BAUM
MISSING MOVIE LINKS
THE DEVIL, YOU SAY
HAILS FROM WALES
COMPOUND WORDS
    $400 1
Renaissance

Eric
    $400 6
The Wizard of Oz

Ann
    $400 10
Men

Ann
    $400 15
(John: Who are the New Jersey Red Devils?)

New Jersey Devils

AnnJohn
    $400 26
Dylan Thomas

John
    $400 20
blackball

John
    $800 2
Stephen Ambrose

John
    $800 7
oil

John
    $800 11
Young

John
    $800 16
(Roger) Vadim

John
    $800 27
T. E. Lawrence

Eric
    $800 21
centerpiece

Eric
    $3,000 3
Oregon Trail

John
    $1200 8
(Ann: What is Mother Goose in Poetry?)

Father Goose

Ann
Triple Stumper
    $1200 12
Being

Eric
    $1200 17
William (the Conqueror)

Eric
    $1200 29
(Ann: Who is Sean Connery?)

Timothy Dalton

EricAnn
    $1200 23
downshift

John
    $1600 4
Arthur Schlesinger

John
    $1600 9
chrysanthemum

Triple Stumper
    $1600 13
(Ann: I'm sorry. Duckling. What is Duckling?)

American

AnnJohn
    $1600 18
Devil's Tower

Eric
    $1600 30
["Pie Jesu" was heard.]

Charlotte Church

John
    $1600 24
Sweetheart

John
    $2000 5
Henry Adams

John
    $2000 22
Chicago

John
    $2000 14
Enemy

John
    $2000 19
The Devil's Dictionary

Eric
    $2000 28
(Ken) Follett

John
    $2,000 25
firebrand

John

Scores at the end of the Double Jeopardy! Round:

Eric Ann John
$15,200 -$2,400 $31,200
(lock game)

[wagering suggestions for these scores]

Final Jeopardy! Round responses

COUNTRY NAME ORIGINS
(Alex: Interestingly enough, "What is [**]?" would have been acceptable also because they too were invaded by a Germanic tribe, the Angles.)
EricWhat is France?
$15,100
JohnWhat is France?
$0
France (or England)

Final scores:

Eric Ann John
$30,300 -$2,400 $31,200
2nd place: $2,000 3rd place: $1,000 New champion: $31,200

Game dynamics:

Coryat scores:

Eric Ann John
$15,200 -$2,400 $29,400
21 R,
2 W
7 R,
5 W
29 R
(including 3 DDs),
3 W

Combined Coryat: $42,200

[game clues] [game scores] [suggest correction]

Game tape date: 2002-02-26
The J! Archive is created by fans, for fans. Scraping, republication, monetization, and malicious use prohibited; this site may use cookies and collect identifying information. See terms. The Jeopardy! game show and all elements thereof, including but not limited to copyright and trademark thereto, are the property of Jeopardy Productions, Inc. and are protected under law. This website is not affiliated with, sponsored by, or operated by Jeopardy Productions, Inc. Join the discussion at JBoard.tv.